000
00487nam a2200145Ia 4500
008
100122s9999 xx 000 0 und d
082
_b
43055
_a
823
100
_a
रांगणेकर कुमुदिनी
245
_a
हा खेळ संशयाचा
260
_b
गुलमोहर पब्लिकेशन्स
_c
1989
300
_a
224
630
_a
हा खेळ संशयाचा
730
_a
हा खेळ संशयाचा
942
_c
BOOK
999
_c
423262
_d
423259